[Event "CZE-chT1E 1920"]
[Site "Czech Republic"]
[Date "2019.12.08"]
[Round "4.4"]
[White "Petrik, Tomas"]
[Black "Tomaszewski, Kacper"]
[Result "1/2-1/2"]
[WhiteElo "2462"]
[BlackElo "2347"]
[PlyCount "139"]
[EventDate "2019.10.20"]
[EventType "team-tourn"]
[EventRounds "11"]
[EventCountry "CZE"]
[SourceTitle "CBM 193 Extra"]
[Source "ChessBase"]
[SourceDate "2020.01.31"]
[SourceVersion "1"]
[SourceVersionDate "2020.01.31"]
[SourceQuality "1"]
[WhiteTeam "Trinec"]
[BlackTeam "Orlova Slavia"]
[WhiteTeamCountry "CZE"]
[BlackTeamCountry "CZE"]

1. e4 c6 2. d4 d5 3. Nc3 dxe4 4. Nxe4 Bf5 5. Ng3 Bg6 6. h4 h6 7. Nf3 Nd7 8. h5 Bh7 9. Bd3 Bxd3 10. Qxd3 e6 11. Bd2 Ngf6 12. 0-0-0 Be7 13. Kb1 Qb6 14. Nf1 Ng4 15. Qe2 Qb5 16. Re1 Qxe2 17. Rxe2 0-0 18. Ne3 Nxe3 19. Bxe3 Rfd8 20. g4 c5 21. c3 cxd4 22. Bxd4 Bc5 23. Rd1 Nf6 24. Red2 Bxd4 25. Rxd4 Rxd4 26. Rxd4 Rc8 27. Ne5 Kf8 28. f3 Ke7 29. Kc2 Rc5 30. Nd3 Rc7 31. Ra4 a6 32. Rd4 Nd7 33. Rb4 Nf6 34. Kd2 Nd5 35. Rd4 f6 36. c4 Nb6 37. b3 e5 38. Re4 Kf7 39. Re1 Nd7 40. Ke3 b5 41. Rc1 bxc4 42. Rxc4 Rxc4 43. bxc4 Nb6 44. c5 Nd5+ 45. Kd2 Ke6 46. a3 f5 47. gxf5+ Kxf5 48. Nb4 Nc7 49. Ke3 a5 50. Nc6 a4 51. Nb4 Nb5 52. Nc2 Nc7 53. Nb4 Nb5 54. Nc2 Nc7 55. c6 Ke6 56. Kd3 Kd6 57. Ke4 Nd5 58. c7 Nxc7 59. Kf5 Ne6 60. Kg6 Nf4+ 61. Kxg7 Nxh5+ 62. Kxh6 Nf4 63. Kg5 Nd5 64. Kf5 Nc3 65. Ne3 Nb5 66. Nc4+ Kd5 67. Nb6+ Kd4 68. Nxa4 Nxa3 69. Nc5 Kxc5 70. Kxe5 1/2-1/2

[Event "AUT-chT2O 1819"]
[Site "Austria"]
[Date "2019.03.30"]
[Round "10.4"]
[White "Stanec, Nikolaus"]
[Black "Petrik, Tomas"]
[Result "1/2-1/2"]
[WhiteElo "2473"]
[BlackElo "2481"]
[PlyCount "61"]
[EventDate "2018.10.06"]
[EventType "team-tourn"]
[EventRounds "11"]
[EventCountry "AUT"]
[SourceTitle "CBM 189 Extra"]
[Source "ChessBase"]
[SourceDate "2019.06.03"]
[SourceVersion "1"]
[SourceVersionDate "2019.06.03"]
[SourceQuality "1"]
[WhiteTeam "Donaustadt"]
[BlackTeam "Mistelbach/Altlichtenwarth"]
[WhiteTeamCountry "AUT"]
[BlackTeamCountry "AUT"]

1. e4 e6 2. d3 d5 3. Nd2 c5 4. Ngf3 Nc6 5. g3 g6 6. Bg2 Bg7 7. 0-0 Nge7 8. Re1 b6 9. c3 a5 10. exd5 Nxd5 11. a4 0-0 12. Nc4 Qc7 13. Nfd2 Ba6 14. Nb1 Rad8 15. Nba3 Ne5 16. Qe2 Nc6 17. Qc2 Rd7 18. Qb3 Rb8 19. Nb5 Qd8 20. Bd2 Bb7 21. Rad1 Ba8 22. Bc1 Na7 23. Ne5 Bxe5 24. Rxe5 Nxb5 25. Qxb5 Nc7 26. Qc4 Bxg2 27. Kxg2 Rd5 28. Bf4 Rc8 29. Ree1 Ne8 30. Qb3 Ng7 31. h4 1/2-1/2

[Event "CZE-chT1E 1819"]
[Site "Czech Republic"]
[Date "2019.03.24"]
[Round "10.2"]
[White "Fiedorek, Michal"]
[Black "Petrik, Tomas"]
[Result "0-1"]
[WhiteElo "2128"]
[BlackElo "2481"]
[PlyCount "116"]
[EventDate "2018.10.21"]
[EventType "team-tourn"]
[EventRounds "11"]
[EventCountry "CZE"]
[SourceTitle "CBM 189 Extra"]
[Source "ChessBase"]
[SourceDate "2019.06.03"]
[SourceVersion "1"]
[SourceVersionDate "2019.06.03"]
[SourceQuality "1"]
[WhiteTeam "Rychnov nad Kneznou"]
[BlackTeam "Trinec"]
[WhiteTeamCountry "CZE"]
[BlackTeamCountry "CZE"]

1. e4 e6 2. d4 d5 3. Nd2 c5 4. exd5 Qxd5 5. Ngf3 cxd4 6. Bc4 Qd6 7. 0-0 Nf6 8. Nb3 Nc6 9. Nbxd4 Nxd4 10. Nxd4 a6 11. Re1 Qc7 12. Bf1 Be7 13. Qf3 0-0 14. Bf4 Bd6 15. Bxd6 Qxd6 16. Rad1 Qc7 17. c4 Bd7 18. Qg3 Rac8 19. Qxc7 Rxc7 20. b3 Rfc8 21. g3 Kf8 22. Bg2 b5 23. Bf1 bxc4 24. Bxc4 a5 25. f4 Rc5 26. Rd2 Nd5 27. f5 exf5 28. Nxf5 Nb6 29. Nd6 Nxc4 30. Nxc4 Be6 31. Re5 Bxc4 32. Rxc5 Rxc5 33. Rc2 Ke7 34. bxc4 Kd6 35. Kf2 Rf5+ 36. Ke3 Kc5 37. Kd3 Rf3+ 38. Ke2 Ra3 39. Kd2 f5 40. Ke2 g5 41. Kd2 h5 42. Ke2 g4 43. Kd2 Rf3 44. Ke2 f4 45. gxf4 Rxf4 46. Ke3 Rxc4 47. Rf2 Rc3+ 48. Kf4 Rf3+ 49. Rxf3 gxf3 50. Kxf3 Kb4 51. Ke3 Ka3 52. Kd3 Kxa2 53. Kc4 a4 54. Kc3 h4 55. h3 Ka3 56. Kc2 Kb4 57. Kb2 Kc4 58. Ka3 Kd3 0-1

[Event "CZE-chT 1819"]
[Site "Czech Republic"]
[Date "2019.01.12"]
[Round "5.6"]
[White "Petrik, Tomas"]
[Black "Ponizil, Cyril"]
[Result "1-0"]
[WhiteElo "2481"]
[BlackElo "2494"]
[PlyCount "83"]
[EventDate "2018.11.03"]
[EventType "team-tourn"]
[EventRounds "11"]
[EventCountry "CZE"]
[SourceTitle "CBM 188 Extra"]
[Source "ChessBase"]
[SourceDate "2019.02.26"]
[SourceVersion "1"]
[SourceVersionDate "2019.02.26"]
[SourceQuality "1"]
[WhiteTeam "Unichess"]
[BlackTeam "Brno Duras"]
[WhiteTeamCountry "CZE"]
[BlackTeamCountry "CZE"]

1. e4 c5 2. Nf3 Nc6 3. d4 cxd4 4. Nxd4 Qb6 5. Nb3 Nf6 6. Nc3 e6 7. Bd3 Be7 8. 0-0 d6 9. a4 0-0 10. a5 Qd8 11. Be3 Nb4 12. Be2 e5 13. Ra4 Na6 14. Bg5 Be6 15. Bxf6 Bxf6 16. Bc4 Qd7 17. Qd3 Rfc8 18. Rd1 Be7 19. h3 Bf8 20. Rd2 Nc5 21. Nxc5 Rxc5 22. b3 Rac8 23. Nd5 Qd8 24. a6 b6 25. Ne3 Qg5 26. Bxe6 fxe6 27. Rc4 Qe7 28. Rxc5 Rxc5 29. b4 Rc8 30. Qb3 Kh8 31. Rd3 g6 32. Rc3 Rd8 33. Qc4 Bh6 34. Qc7 Rd7 35. Qb8+ Kg7 36. Ng4 Bf4 37. Rc8 Qf7 38. g3 h5 39. Rg8+ Kh7 40. Rh8+ Kg7 41. Rg8+ Kh7 42. Rf8 1-0

[Event "SVK-chT 1819"]
[Site "Slovakia"]
[Date "2018.12.09"]
[Round "4.5"]
[White "Motuz, Karol"]
[Black "Petrik, Tomas"]
[Result "0-1"]
[WhiteElo "2367"]
[BlackElo "2476"]
[PlyCount "82"]
[EventDate "2018.11.10"]
[EventType "team-tourn"]
[EventRounds "11"]
[EventCountry "SVK"]
[SourceTitle "CBM 187 Extra"]
[Source "ChessBase"]
[SourceDate "2018.11.04"]
[SourceVersion "1"]
[SourceVersionDate "2018.11.04"]
[SourceQuality "1"]
[WhiteTeam "Dubnica nad Vahom"]
[BlackTeam "Zilina Mladost"]
[WhiteTeamCountry "SVK"]
[BlackTeamCountry "SVK"]

1. c4 Nf6 2. Nc3 c5 3. Nf3 g6 4. g3 Bg7 5. Bg2 0-0 6. 0-0 Nc6 7. d4 cxd4 8. Nxd4 Ng4 9. e3 d6 10. b3 Nxd4 11. exd4 Nh6 12. Bxh6 Bxh6 13. Re1 Bg7 14. Qd2 Rb8 15. b4 Be6 16. Nd5 b5 17. Rac1 bxc4 18. Rxc4 Bxd5 19. Bxd5 e6 20. Bg2 d5 21. Rc6 Qf6 22. Rd1 Rfc8 23. Bxd5 Rd8 24. Bc4 Qe7 25. d5 exd5 26. Bxd5 Kh8 27. Rc5 Rb6 28. Qe1 Qxe1+ 29. Rxe1 Bd4 30. Ra5 Rf6 31. Re2 Bb6 32. Rb5 a6 33. Rxb6 Rxb6 34. Bxf7 Rxb4 35. Kg2 Rbd4 36. Re7 Rd2 37. Ra7 R8d6 38. Bc4 Rf6 39. Rxa6 Rfxf2+ 40. Kg1 Rg2+ 41. Kf1 Rxh2 0-1

[Event "HUN-chT 1819"]
[Site "Hungary"]
[Date "2018.12.02"]
[Round "3.5"]
[White "Petrik, Tomas"]
[Black "Farkas, Tibor"]
[Result "1/2-1/2"]
[WhiteElo "2476"]
[BlackElo "2310"]
[PlyCount "30"]
[EventDate "2018.11.17"]
[EventType "team-tourn"]
[EventRounds "9"]
[EventCountry "HUN"]
[SourceTitle "CBM 187 Extra"]
[Source "ChessBase"]
[SourceDate "2018.11.04"]
[SourceVersion "1"]
[SourceVersionDate "2018.11.04"]
[SourceQuality "1"]
[WhiteTeam "HVSE Infraplan"]
[BlackTeam "Mako Duocor"]
[WhiteTeamCountry "HUN"]
[BlackTeamCountry "HUN"]

1. e4 c5 2. Nf3 d6 3. d4 cxd4 4. Nxd4 Nf6 5. Nc3 a6 6. a4 Nc6 7. a5 Nxa5 8. Nd5 e5 9. Nxf6+ gxf6 10. Bd2 Nc6 11. Nxc6 bxc6 12. Bc4 f5 13. Qf3 Qf6 14. 0-0 Be7 15. Bb4 0-0 1/2-1/2

[Event "Olympiad-43"]
[Site "Batumi"]
[Date "2018.10.05"]
[Round "11.3"]
[White "Georgiadis, Nico"]
[Black "Petrik, Tomas"]
[Result "1/2-1/2"]
[WhiteElo "2522"]
[BlackElo "2481"]
[PlyCount "150"]
[EventDate "2018.09.24"]
[EventType "team-swiss"]
[EventRounds "11"]
[EventCountry "GEO"]
[SourceTitle "CBM 187"]
[Source "ChessBase"]
[SourceDate "2018.12.11"]
[SourceVersion "1"]
[SourceVersionDate "2018.12.11"]
[SourceQuality "1"]
[WhiteTeam "Switzerland"]
[BlackTeam "Slovakia"]
[WhiteTeamCountry "SUI"]
[BlackTeamCountry "SVK"]

1. d4 Nf6 2. c4 e6 3. Nf3 b6 4. g3 Bb7 5. Bg2 Be7 6. 0-0 0-0 7. Nc3 Ne4 8. Bd2 Bf6 9. Rc1 d6 10. Be1 Nxc3 11. Bxc3 Be4 12. Ne1 Bxg2 13. Kxg2 d5 14. Qd3 c6 15. Nf3 Qd7 16. e4 Qb7 17. h4 Be7 18. Rfe1 Nd7 19. cxd5 cxd5 20. e5 Rfc8 21. Ng5 Nf8 22. Qf3 Bxg5 23. hxg5 Qe7 24. Bd2 a5 25. Qb3 Qd8 26. Qb5 Nd7 27. b3 Rxc1 28. Rxc1 Rc8 29. Rc6 Rxc6 30. Qxc6 Nf8 31. b4 axb4 32. Bxb4 Ng6 33. Qd6 Qa8 34. Qxb6 h6 35. Qa5 Qc8 36. Bc5 hxg5 37. a4 f6 38. exf6 gxf6 39. Qb6 Kg7 40. Qa7+ Kh6 41. Qb6 Kg7 42. Qd6 e5 43. dxe5 fxe5 44. Qxd5 Qg4 45. Be3 Qxa4 46. Bxg5 Qg4 47. Qb7+ Kg8 48. Qb8+ Kg7 49. Qc7+ Kg8 50. Qd8+ Kh7 51. Qf6 Qd7 52. f3 Qe8 53. Qf5 Kg8 54. Kh3 Nf8 55. Kg4 Nd7 56. Bh6 Nc5 57. Qg5+ Kf7 58. Qh5+ Ke7 59. Qxe5+ Ne6 60. Bg5+ Kf7 61. Qf6+ Kg8 62. f4 Qd7 63. Qf5 Qd1+ 64. Kh4 Qh1+ 65. Qh3 Qe4 66. Kg4 Qe2+ 67. Kh4 Qe4 68. Bh6 Kh7 69. Kg4 Qe2+ 70. Kf5 Nd4+ 71. Kf6 Qa6+ 72. Ke5 Nf3+ 73. Kd5 Qxh6 74. Qxh6+ Kxh6 75. g4 Kg6 1/2-1/2

[Event "Olympiad-43"]
[Site "Batumi"]
[Date "2018.10.01"]
[Round "7.22"]
[White "Kazhgaleyev, Murtas"]
[Black "Petrik, Tomas"]
[Result "1-0"]
[WhiteElo "2582"]
[BlackElo "2481"]
[PlyCount "53"]
[EventDate "2018.09.24"]
[EventType "team-swiss"]
[EventRounds "11"]
[EventCountry "GEO"]
[SourceTitle "CBM 187"]
[Source "ChessBase"]
[SourceDate "2018.12.11"]
[SourceVersion "1"]
[SourceVersionDate "2018.12.11"]
[SourceQuality "1"]
[WhiteTeam "Kazakhstan"]
[BlackTeam "Slovakia"]
[WhiteTeamCountry "KAZ"]
[BlackTeamCountry "SVK"]

1. d4 e6 2. c4 Nf6 3. Nf3 d5 4. Nc3 c5 5. cxd5 Nxd5 6. e4 Nxc3 7. bxc3 cxd4 8. cxd4 Bb4+ 9. Bd2 Bxd2+ 10. Qxd2 0-0 11. Bc4 Nd7 12. 0-0 b6 13. Rfe1 Bb7 14. Rad1 Rc8 15. Bb3 Qf6 16. h3 h6 17. Nh2 Qg6 18. d5 exd5 19. exd5 Rfe8 20. Ng4 Rxe1+ 21. Rxe1 Qd6 22. Ne3 g6 23. Ng4 h5 24. Nh6+ Kf8 25. Nxf7 Kxf7 26. Re6 Qc5 27. d6 1-0

[Event "SVK-ch"]
[Site "Banska Stiavnica"]
[Date "2018.07.10"]
[Round "4"]
[White "Petrik, Tomas"]
[Black "Nayhebaver, Martin"]
[Result "1/2-1/2"]
[WhiteElo "2470"]
[BlackElo "2478"]
[PlyCount "81"]
[EventDate "2018.07.07"]
[EventType "tourn"]
[EventRounds "9"]
[EventCountry "SVK"]
[EventCategory "8"]
[SourceTitle "CBM 185 Extra"]
[Source "ChessBase"]
[SourceDate "2018.07.29"]
[SourceVersion "1"]
[SourceVersionDate "2018.07.29"]
[SourceQuality "1"]

1. Nf3 Nf6 2. c4 e6 3. g3 b6 4. Bg2 Bb7 5. 0-0 Be7 6. d4 0-0 7. Re1 d5 8. cxd5 exd5 9. Nc3 Na6 10. Bf4 Re8 11. Rc1 h6 12. Ne5 c5 13. dxc5 Nxc5 14. Nd3 Qd7 15. Be5 d4 16. Bxb7 Nxb7 17. Nb1 Ne4 18. Nd2 Nxd2 19. Qxd2 Na5 20. Qd1 Rac8 21. Bf4 Rxc1 22. Bxc1 Qd5 23. Qa4 Rc8 24. Bd2 Bg5 25. Rc1 Rxc1+ 26. Bxc1 Bxc1 27. Nxc1 Qe4 28. Nd3 Qxe2 29. Qxd4 Nc6 30. Qd7 Qe4 31. Nf4 Ne5 32. Qd5 Qb1+ 33. Kg2 Qxb2 34. Qa8+ Kh7 35. Qxa7 g5 36. Nd3 Nxd3 37. Qxf7+ Qg7 38. Qf5+ Qg6 39. Qd7+ Kg8 40. Qd8+ Kf7 41. Qd7+ 1/2-1/2

[Event "SVK-ch"]
[Site "Banska Stiavnica"]
[Date "2018.07.09"]
[Round "3"]
[White "Zvarik, Martin"]
[Black "Petrik, Tomas"]
[Result "1/2-1/2"]
[WhiteElo "2280"]
[BlackElo "2470"]
[PlyCount "77"]
[EventDate "2018.07.07"]
[EventType "tourn"]
[EventRounds "9"]
[EventCountry "SVK"]
[EventCategory "8"]
[SourceTitle "CBM 185 Extra"]
[Source "ChessBase"]
[SourceDate "2018.07.29"]
[SourceVersion "1"]
[SourceVersionDate "2018.07.29"]
[SourceQuality "1"]

1. g3 d5 2. Nf3 c6 3. Bg2 Bg4 4. 0-0 Nd7 5. h3 Bxf3 6. Bxf3 Ngf6 7. d3 e5 8. e4 dxe4 9. dxe4 Bc5 10. Qe2 0-0 11. a4 a5 12. Nd2 Qe7 13. Nc4 Nb6 14. Ne3 Qe6 15. Kg2 Rfd8 16. Bd2 Rd4 17. Qe1 Rxa4 18. Rxa4 Nxa4 19. b3 Nb6 20. Bxa5 Nc8 21. Bb4 Bb6 22. Qd2 Na7 23. Nf5 g6 24. Qg5 Kh8 25. Rd1 Nb5 26. Nd6 Bc7 27. Nxb7 Kg7 28. Nc5 Qe8 29. Rd2 Bd6 30. Nd3 Bxb4 31. Nxb4 Nd4 32. Nd3 Ra5 33. b4 h6 34. Qe3 Ra3 35. Bd1 Nb5 36. Qe1 Ra1 37. Qe3 Ra3 38. Qe1 Ra1 39. Qe3 1/2-1/2

[Event "CZE-chT1E 1718"]
[Site "Czech Republic"]
[Date "2018.02.04"]
[Round "7.5"]
[White "Rojicek, Vojtech"]
[Black "Petrik, Tomas"]
[Result "1/2-1/2"]
[WhiteElo "2393"]
[BlackElo "2470"]
[PlyCount "68"]
[EventDate "2017.10.22"]
[EventType "team-tourn"]
[EventRounds "11"]
[EventCountry "CZE"]
[SourceTitle "EXT 2019"]
[Source "ChessBase"]
[SourceDate "2018.10.10"]
[SourceVersion "1"]
[SourceVersionDate "2018.10.10"]
[SourceQuality "1"]
[WhiteTeam "Frydek Mistek II"]
[BlackTeam "Trinec"]
[WhiteTeamCountry "CZE"]
[BlackTeamCountry "CZE"]

1. Nf3 Nf6 2. g3 d5 3. Bg2 c6 4. 0-0 Bg4 5. d3 Nbd7 6. h3 Bxf3 7. exf3 e6 8. f4 g6 9. Nd2 Bg7 10. Nf3 0-0 11. c3 Ne8 12. Qc2 Nd6 13. Re1 Nf5 14. Bd2 h5 15. Rad1 Qb6 16. Bc1 Nxg3 17. Be3 d4 18. Nxd4 Bxd4 19. Bxd4 c5 20. fxg3 cxd4 21. cxd4 Rad8 22. Qf2 Nf6 23. d5 Qxf2+ 24. Kxf2 Nxd5 25. Bxd5 Rxd5 26. Ke3 Rfd8 27. d4 Kg7 28. Rd3 Ra5 29. Ra1 Rd7 30. Rc3 Ra4 31. Rd3 Ra5 32. Rc3 Ra4 33. Rd3 Rc4 34. Rad1 Ra4 1/2-1/2

[Event "SVK-chT1E 1718"]
[Site "Slovakia"]
[Date "2018.02.03"]
[Round "7.3"]
[White "Teglas, Balazs"]
[Black "Petrik, Tomas"]
[Result "1-0"]
[WhiteElo "2206"]
[BlackElo "2473"]
[PlyCount "105"]
[EventDate "2017.10.21"]
[EventType "team-tourn"]
[EventRounds "11"]
[EventCountry "SVK"]
[SourceTitle "EXT 2019"]
[Source "ChessBase"]
[SourceDate "2018.10.10"]
[SourceVersion "1"]
[SourceVersionDate "2018.10.10"]
[SourceQuality "1"]
[WhiteTeam "Cebovce"]
[BlackTeam "Zilina Mladost"]
[WhiteTeamCountry "SVK"]
[BlackTeamCountry "SVK"]

1. e4 e6 2. d4 d5 3. Nd2 c5 4. Ngf3 cxd4 5. Nxd4 Nf6 6. exd5 Qxd5 7. Nb5 Na6 8. Nc3 Qd6 9. a3 Bd7 10. Qf3 Bc6 11. Nc4 Bxf3 12. Nxd6+ Bxd6 13. gxf3 Nc7 14. Ne4 Be5 15. Nc5 0-0-0 16. Nd3 Bd4 17. c3 Bb6 18. c4 Bd4 19. Be3 Nce8 20. 0-0-0 g6 21. Be2 Ng7 22. Bxd4 Rxd4 23. Ne5 Rxd1+ 24. Bxd1 Rf8 25. Ba4 Nfh5 26. c5 f6 27. Nc4 Nf5 28. b4 Nf4 29. Rd1 Rd8 30. Rxd8+ Kxd8 31. Kd2 Kc7 32. Ne3 Nd4 33. Ng4 Nd5 34. Bd1 h5 35. Ne3 Ne7 36. Kd3 Ndc6 37. f4 Nd8 38. Bb3 Ng8 39. f5 gxf5 40. Nxf5 Kd7 41. h4 exf5 42. Bxg8 Nc6 43. f4 b6 44. Kc4 Kc7 45. Bf7 Ne7 46. Bxh5 b5+ 47. Kxb5 Nd5 48. Ka6 Kb8 49. Bf7 Nxf4 50. h5 Nh3 51. h6 Ng5 52. Bg6 f4 53. h7 1-0

[Event "SVK-chT1E 1718"]
[Site "Slovakia"]
[Date "2017.11.05"]
[Round "4.2"]
[White "Kratochvil, Karel"]
[Black "Petrik, Tomas"]
[Result "0-1"]
[WhiteElo "2194"]
[BlackElo "2473"]
[PlyCount "48"]
[EventDate "2017.10.21"]
[EventType "team-tourn"]
[EventRounds "11"]
[EventCountry "SVK"]
[SourceTitle "CBM 181 Extra"]
[Source "ChessBase"]
[SourceDate "2017.12.12"]
[SourceVersion "1"]
[SourceVersionDate "2017.12.12"]
[SourceQuality "1"]
[WhiteTeam "Margecany OSK"]
[BlackTeam "Zilina Mladost"]
[WhiteTeamCountry "SVK"]
[BlackTeamCountry "SVK"]

1. e4 c5 2. Nf3 g6 3. d4 cxd4 4. Nxd4 Bg7 5. Nc3 Nc6 6. Be3 Nf6 7. f3 0-0 8. Bc4 Qb6 9. Bb3 Ng4 10. Na4 Qb4+ 11. c3 Nxe3 12. cxb4 Nxd1 13. Nxc6 bxc6 14. Rxd1 Rb8 15. 0-0 Rxb4 16. Rc1 d6 17. Rfd1 Ba6 18. Nc3 Rfb8 19. Nb1 c5 20. Nd2 Bxb2 21. Rc2 Be2 22. Re1 Bd4+ 23. Kh1 Bd3 24. Rcc1 Bb2 0-1

[Event "SVK-ch"]
[Site "Banska Stiavnica"]
[Date "2017.07.15"]
[Round "8"]
[White "Mazur, Stefan"]
[Black "Petrik, Tomas"]
[Result "1-0"]
[WhiteElo "2459"]
[BlackElo "2468"]
[PlyCount "91"]
[EventDate "2017.07.08"]
[EventType "tourn"]
[EventRounds "9"]
[EventCountry "SVK"]
[EventCategory "8"]
[SourceTitle "CBM 179 Extra"]
[Source "ChessBase"]
[SourceDate "2017.08.23"]
[SourceVersion "1"]
[SourceVersionDate "2017.08.23"]
[SourceQuality "1"]

1. e4 e6 2. d4 d5 3. Nc3 Bb4 4. e5 Ne7 5. a3 Bxc3+ 6. bxc3 c5 7. Qg4 0-0 8. Bd3 Nbc6 9. Qh5 Ng6 10. Nf3 Qc7 11. Be3 c4 12. Bxg6 fxg6 13. Qg4 Bd7 14. h4 Rf5 15. h5 gxh5 16. Rxh5 Raf8 17. Rxf5 Rxf5 18. Qh3 Qc8 19. Kd2 Be8 20. Rh1 Rh5 21. Nh4 Bg6 22. g4 Rxh4 23. Qxh4 Qf8 24. Ra1 Qf3 25. Qg3 Qf8 26. Qf4 Qd8 27. Qg5 Qb6 28. Rc1 Be4 29. f3 Bg6 30. f4 Be4 31. f5 Qc7 32. f6 g6 33. Rf1 Qf7 34. Qh4 Nd8 35. Qh6 b6 36. Bg5 Nc6 37. Rf2 Kh8 38. Rh2 Kg8 39. a4 Nd8 40. Ke1 Nc6 41. Bc1 Bf3 42. g5 Bh5 43. Ba3 Bg4 44. Kf2 Bh5 45. Kg3 Bd1 46. Qxh7+ 1-0

[Event "SVK-ch"]
[Site "Banska Stiavnica"]
[Date "2017.07.12"]
[Round "5"]
[White "Petrik, Tomas"]
[Black "Manik, Mikulas"]
[Result "1/2-1/2"]
[WhiteElo "2468"]
[BlackElo "2407"]
[PlyCount "60"]
[EventDate "2017.07.08"]
[EventType "tourn"]
[EventRounds "9"]
[EventCountry "SVK"]
[EventCategory "8"]
[SourceTitle "CBM 179 Extra"]
[Source "ChessBase"]
[SourceDate "2017.08.23"]
[SourceVersion "1"]
[SourceVersionDate "2017.08.23"]
[SourceQuality "1"]

1. e4 c5 2. Nf3 Nc6 3. d4 cxd4 4. Nxd4 Nf6 5. Nc3 d6 6. Bg5 g6 7. Bxf6 exf6 8. Bc4 Bg7 9. Ndb5 0-0 10. Nxd6 Qb6 11. 0-0 Qxb2 12. Ncb5 Qe5 13. Rb1 Qe7 14. Bd5 Be6 15. c4 a6 16. Bxe6 fxe6 17. Nc3 Rad8 18. c5 b5 19. Qb3 Nd4 20. Qb4 f5 21. a4 Be5 22. f4 Bxd6 23. cxd6 Qxd6 24. Qxd6 Rxd6 25. axb5 axb5 26. Nxb5 Nxb5 27. Rxb5 fxe4 28. Re5 Rc8 29. Rxe4 Rc2 30. Re5 Rdd2 1/2-1/2

[Event "SVK-ch"]
[Site "Banska Stiavnica"]
[Date "2017.07.08"]
[Round "1"]
[White "Petrik, Tomas"]
[Black "Pacher, Milan"]
[Result "1/2-1/2"]
[WhiteElo "2468"]
[BlackElo "2456"]
[PlyCount "117"]
[EventDate "2017.07.08"]
[EventType "tourn"]
[EventRounds "9"]
[EventCountry "SVK"]
[EventCategory "8"]
[SourceTitle "CBM 179 Extra"]
[Source "ChessBase"]
[SourceDate "2017.08.23"]
[SourceVersion "1"]
[SourceVersionDate "2017.08.23"]
[SourceQuality "1"]

1. e4 c6 2. d4 d5 3. Nc3 dxe4 4. Nxe4 Bf5 5. Ng3 Bg6 6. Nf3 e6 7. Ne5 Nd7 8. Nxg6 hxg6 9. Bd3 Ngf6 10. 0-0 Qc7 11. h3 0-0-0 12. Qf3 e5 13. c3 Bd6 14. Bg5 Rde8 15. Rfe1 exd4 16. cxd4 Rxe1+ 17. Rxe1 Qa5 18. Qe3 Qxa2 19. Rc1 Re8 20. Qd2 Bxg3 21. fxg3 Nb6 22. Kh2 Ne4 23. Qe3 Qe6 24. Bf4 Nd5 25. Qf3 Nxf4 26. Qxf4 Qf5 27. Qxf5+ gxf5 28. d5 Kc7 29. dxc6 bxc6 30. Rf1 g6 31. g4 Nd6 32. gxf5 gxf5 33. Bxf5 Re2 34. b3 Rb2 35. Rf3 a5 36. Bh7 Kd7 37. h4 Ke7 38. h5 Re2 39. Kh3 f6 40. Bg6 Nf7 41. Rc3 Ne5 42. Bf5 Re1 43. g4 Kf7 44. Kg3 Kg7 45. Kf2 Ra1 46. Rc2 Kh6 47. Ke3 Kg5 48. Rh2 Re1+ 49. Kf2 Rd1 50. Ke2 Rd8 51. Rg2 Rb8 52. Rg3 Kf4 53. Rc3 Nxg4 54. Rf3+ Kg5 55. Bxg4 Kxg4 56. Rxf6 Kxh5 57. Rxc6 Rxb3 58. Rc5+ Kg4 59. Rxa5 1/2-1/2

[Event "CZE-chT1E 1617"]
[Site "Czech Republic"]
[Date "2017.02.05"]
[Round "7.2"]
[White "Sabuk, Piotr"]
[Black "Petrik, Tomas"]
[Result "1/2-1/2"]
[WhiteElo "2365"]
[BlackElo "2457"]
[PlyCount "117"]
[EventDate "2016.10.16"]
[EventType "team-tourn"]
[EventRounds "11"]
[EventCountry "CZE"]
[SourceTitle "CBM 177 Extra"]
[Source "ChessBase"]
[SourceDate "2017.04.27"]
[SourceVersion "1"]
[SourceVersionDate "2017.04.27"]
[SourceQuality "1"]
[WhiteTeam "Region Panda"]
[BlackTeam "Trinec"]
[WhiteTeamCountry "CZE"]
[BlackTeamCountry "CZE"]

1. d4 Nf6 2. c4 e6 3. g3 c5 4. Nf3 cxd4 5. Nxd4 Bb4+ 6. Nc3 Ne4 7. Qc2 Qa5 8. Bg2 Nxc3 9. 0-0 Nc6 10. bxc3 Bxc3 11. Nb3 Nd4 12. Nxd4 Bxd4 13. Rb1 0-0 14. Rb5 Qc7 15. Ba3 d6 16. Qd3 e5 17. e3 a6 18. Bxd6 Qxd6 19. Rd5 Qc7 20. exd4 exd4 21. Rxd4 Be6 22. Rb1 Rab8 23. Bd5 Rfe8 24. Bxe6 Rxe6 25. Rd7 Qc6 26. Qd5 g6 27. Rbxb7 Rxb7 28. Rxb7 Qxd5 29. cxd5 Rd6 30. Ra7 h5 31. Kg2 Kg7 32. Kf3 Rxd5 33. Rxa6 Rd2 34. h4 f6 35. Ke3 Rb2 36. Ra7+ Kh6 37. Ra6 Kg7 38. a3 Ra2 39. Ra7+ Kh6 40. Ra6 Kg7 41. Ra5 Kh6 42. f4 Rg2 43. Kf3 Rb2 44. f5 gxf5 45. Rxf5 Rb3+ 46. Kf4 Rxa3 47. Rxf6+ Kg7 48. Re6 Ra4+ 49. Re4 Ra3 50. Re3 Ra4+ 51. Kg5 Ra5+ 52. Kf4 Ra4+ 53. Re4 Ra3 54. Re5 Ra4+ 55. Kg5 Rg4+ 56. Kxh5 Rxg3 57. Re7+ Kh8 58. Kh6 Rg7 59. Rxg7 1/2-1/2

[Event "Olympiad-42"]
[Site "Baku"]
[Date "2016.09.13"]
[Round "11.4"]
[White "Petrik, Tomas"]
[Black "Kalezic, Blazo"]
[Result "1/2-1/2"]
[WhiteElo "2464"]
[BlackElo "2457"]
[PlyCount "57"]
[EventDate "2016.09.02"]
[EventType "team-swiss"]
[EventRounds "11"]
[EventCountry "AZE"]
[SourceTitle "CBM 175"]
[Source "ChessBase"]
[SourceDate "2016.11.10"]
[SourceVersion "1"]
[SourceVersionDate "2016.11.10"]
[SourceQuality "1"]
[WhiteTeam "Slovakia"]
[BlackTeam "Montenegro"]
[WhiteTeamCountry "SVK"]
[BlackTeamCountry "MNE"]

1. e4 e6 2. d4 d5 3. Nd2 Nf6 4. e5 Nfd7 5. Bd3 c5 6. c3 Nc6 7. Ne2 cxd4 8. cxd4 f6 9. exf6 Nxf6 10. 0-0 Bd6 11. Nf3 0-0 12. Bf4 Bxf4 13. Nxf4 Ne4 14. Qc1 Qf6 15. Ne2 e5 16. dxe5 Nxe5 17. Bxe4 dxe4 18. Nxe5 Qxe5 19. Qc3 Qxc3 20. Nxc3 Bf5 21. Rfe1 Rad8 22. Re2 Rf6 23. Rae1 Rb6 24. h3 h6 25. b3 Ra6 26. Rb2 Re6 27. Rbe2 Ra6 28. Rb2 Re6 29. Rbe2 1/2-1/2